000 00492nam a22001697a 4500
005 20251108164708.0
008 250721s1996 xx 000 0 ara d
082 1 4 _a747.9/فن
245 1 0 _aفن تصميم المصاطب /
264 1 _aبيروت :
_bالدار العربية للعلوم،
_c1996.
300 _a95ص.
650 1 7 _aالديكور
650 1 7 _aالمصاطب
710 2 _aمركز التعريب و البرمجة
_eترجمة
942 _2ddc
_cBK
999 _c12048
_d12048